[Event "36th Asia-ch U20"]
[Site "Tagaytay City PHI"]
[Date "2014.12.02"]
[Round "6"]
[White "BERSAMINA, Paulo"]
[Black "SAMANTILA, Daryl Unix"]
[Result "1-0"]
[WhiteElo "2391"]
[BlackElo "1948"]
[EventDate "2014.11.29"]
[PlyCount "125"]

1.d4 d5 2.c4 c6 3.Nf3 Nf6 4.Nc3 a6 5.c5 Bf5 6.Bf4 Nbd7 7.e3 g6 8.Be2 Bg7 
9.Nd2 h5 10.f3 e5 11.dxe5 Nh7 12.e4 Be6 13.exd5 cxd5 14.Nb3 Nxe5 15.Nd4 
Nc6 16.Nxe6 fxe6 17.Bd6 Qa5 18.Qd2 Nf8 19.O-O Nd4 20.Qd3 Nf5 21.Kh1 Nxd6 
22.cxd6 Qd8 23.Nxd5 Qxd6 24.Nf6+ Ke7 25.Qxd6+ Kxd6 26.Ne4+ Ke7 27.Rac1 Rd8
28.h4 Be5 29.f4 Bb8 30.g3 Nh7 31.Bf3 Rc8 32.Nc5 b6 33.Nxa6 Bd6 34.a3 Nf6 
35.Nb4 Bxb4 36.axb4 Rhd8 37.Rxc8 Rxc8 38.Rf2 b5 39.Kg2 Rc4 40.Re2 Rxb4 41.
Bb7 Kd6 42.Bf3 Rd4 43.Kh3 b4 44.Re5 Rd2 45.b3 Rd3 46.Be2 Rd5 47.Rg5 Rxg5 
48.hxg5 Ne4 49.Kh4 Nf2 50.Bf1 Ke7 51.Bc4 Kf7 52.f5 gxf5 53.Kxh5 Ng4 54.Bb5
Ne5 55.Kh6 Ng4+ 56.Kh7 Ne5 57.Ba4 Nf3 58.g6+ Kf6 59.Bc6 Ng5+ 60.Kh6 Nf7+ 
61.gxf7 Kxf7 62.Kg5 Ke7 63.Bb5 1-0

[Event "36th Asia-ch U20"]
[Site "Tagaytay City PHI"]
[Date "2014.12.02"]
[Round "6"]
[White "GARCIA, Jan Emmanuel"]
[Black "BILGUUN, Sumiya"]
[Result "1-0"]
[WhiteElo "2396"]
[BlackElo "2249"]
[EventDate "2014.11.29"]
[PlyCount "85"]

1.d4 d5 2.c4 e6 3.Nf3 c6 4.e3 Nf6 5.b3 Nbd7 6.Bd3 Bb4+ 7.Nbd2 e5 8.dxe5 
Bc3 9.Rb1 Nxe5 10.Nxe5 Bxe5 11.Nf3 dxc4 12.bxc4 Bc3+ 13.Ke2 O-O 14.Qc2 Qa5
15.Rb3 Be5 16.Bd2 Qc7 17.h3 Re8 18.Rhb1 h6 19.Kf1 Nd7 20.c5 b5 21.cxb6 
axb6 22.Kg1 Bf6 23.Bf5 Rb8 24.Bb4 Ne5 25.Nxe5 Qxe5 26.Bh7+ Kh8 27.Bc3 Qg5 
28.f4 Qh4 29.Be1 Qh5 30.Be4 Rxe4 31.Qxe4 Bf5 32.Qxc6 Qg6 33.Rxb6 Rd8 34.
Rb8 Be4 35.Rxd8+ Kh7 36.Qxe4 Qxe4 37.Rdd1 Qxe3+ 38.Bf2 Qxf4 39.Rd3 h5 40.
Rf3 Qa4 41.a3 h4 42.Kh1 Kg6 43.Bg1 1-0

[Event "36th Asia-ch U20"]
[Site "Tagaytay City PHI"]
[Date "2014.12.02"]
[Round "6"]
[White "IKRAMUL, Haque Siam"]
[Black "RILLORAZA, Istraelito"]
[Result "1-0"]
[WhiteElo "2090"]
[BlackElo "1736"]
[EventDate "2014.11.29"]
[PlyCount "51"]

1.e4 c5 2.Nc3 Nc6 3.Nge2 g6 4.d4 cxd4 5.Nxd4 Bg7 6.Be3 d6 7.Bc4 Nf6 8.f3 
O-O 9.Qd2 Na5 10.Bb3 Bd7 11.g4 Rc8 12.O-O-O Nc4 13.Bxc4 Rxc4 14.Kb1 a6 15.
h4 h5 16.Rdg1 Qa5 17.Nb3 Qd8 18.Bh6 a5 19.Bxg7 Kxg7 20.gxh5 Nxh5 21.Qd5 b5
22.Qxh5 a4 23.Nc1 b4 24.Nd5 e6 25.Nf4 Rh8 26.Qg5 1-0

[Event "36th Asia-ch U20"]
[Site "Tagaytay City PHI"]
[Date "2014.12.02"]
[Round "6"]
[White "MAYED, Al-Rashedi"]
[Black "AHMAD, Alzarovni"]
[Result "1-0"]
[WhiteElo "1908"]
[BlackElo "1721"]
[EventDate "2014.11.29"]
[PlyCount "91"]

1.e4 d5 2.exd5 Qxd5 3.Nc3 Qd6 4.Bc4 Nf6 5.Nge2 Bg4 6.d4 c6 7.f3 Bf5 8.Bf4 
Qd8 9.Qd2 Nd5 10.g4 Be6 11.Bd3 Nxc3 12.Nxc3 Bd5 13.Nxd5 Qxd5 14.Be4 Qb5 
15.O-O-O e6 16.Kb1 Nd7 17.Ka1 O-O-O 18.Qc1 Nb6 19.b3 Qa5 20.c4 Bb4 21.Bd2 
Bxd2 22.Qxd2 Qxd2 23.Rxd2 g6 24.g5 Rd7 25.Rhd1 Rhd8 26.Kb2 e5 27.Kc3 exd4+
28.Rxd4 Rxd4 29.Rxd4 Rxd4 30.Kxd4 Nd7 31.h4 Kc7 32.f4 Kd6 33.f5 c5+ 34.Ke3
b6 35.f6 Ne5 36.Kf4 Nd7 37.Bd5 Ne5 38.Ke4 a6 39.a4 Nd7 40.Bxf7 Nf8 41.h5 
gxh5 42.Bxh5 Ng6 43.Bxg6 hxg6 44.f7 Ke7 45.Ke5 Kxf7 46.Kd6 1-0

[Event "36th Asia-ch U20"]
[Site "Tagaytay City PHI"]
[Date "2014.12.03"]
[Round "7"]
[White "JACUTINA, John Merill"]
[Black "NARAYANAN, Srinath"]
[Result "1/2-1/2"]
[WhiteElo "1947"]
[BlackElo "2461"]
[EventDate "2014.11.29"]
[PlyCount "101"]

1.e4 c5 2.Nf3 d6 3.d4 Nf6 4.Nc3 cxd4 5.Nxd4 a6 6.h3 e6 7.g4 Be7 8.g5 Nfd7 
9.h4 b5 10.a3 Bb7 11.Be3 Nc6 12.Nxc6 Bxc6 13.Qd4 O-O 14.Rg1 Rb8 15.h5 Qa5 
16.b4 Qc7 17.h6 e5 18.Qd2 g6 19.Bh3 Rbc8 20.Rc1 Rfd8 21.Ke2 Bb7 22.Nd5 
Qc4+ 23.Kd1 Bxd5 24.Qxd5 Qxd5+ 25.exd5 Rc3 26.Kd2 Rc7 27.a4 e4 28.Bxd7 
Rdxd7 29.axb5 axb5 30.Bd4 Rc8 31.Ra1 Bd8 32.c3 f6 33.Rge1 Kf7 34.Rxe4 f5 
35.Re6 Bxg5+ 36.Kd3 Bf4 37.Ra6 Rb7 38.Re1 Rd8 39.Rea1 Bxh6 40.Rh1 Bg7 41.
Rxh7 Kg8 42.Rxg7+ Rxg7 43.Bxg7 Kxg7 44.Rb6 Kf6 45.Kd4 g5 46.Rxb5 Rh8 47.
Rb7 Rh4+ 48.Kd3 Ke5 49.Rg7 Rf4 50.Rxg5 Rxf2 51.Rg8 1/2-1/2

[Event "36th Asia-ch U20"]
[Site "Tagaytay City PHI"]
[Date "2014.12.03"]
[Round "7"]
[White "BILGUUN, Sumiya"]
[Black "BERSAMINA, Paulo"]
[Result "1/2-1/2"]
[WhiteElo "2249"]
[BlackElo "2391"]
[EventDate "2014.11.29"]
[PlyCount "201"]

1.e4 e5 2.Nf3 Nc6 3.Bc4 Bc5 4.c3 Nf6 5.d3 O-O 6.O-O d5 7.exd5 Nxd5 8.Re1 
Bg4 9.h3 Bh5 10.Nbd2 Bb6 11.Ne4 Re8 12.Ng3 Bg6 13.d4 e4 14.Bxd5 Qxd5 15.
Nh4 Ne7 16.Nxg6 Nxg6 17.Qg4 Re6 18.h4 Rae8 19.h5 Ne7 20.Ne2 Qf5 21.Qh4 c5 
22.Be3 cxd4 23.Bxd4 Nc6 24.Bxb6 axb6 25.Ng3 Qb5 26.b3 e3 27.fxe3 Qc5 28.
Kh2 Qxc3 29.e4 Qe5 30.Rad1 Nd4 31.Kh1 f5 32.exf5 Qf6 33.Qxf6 Rxe1+ 34.Kh2 
gxf6 35.Rxd4 Kg7 36.Rd6 b5 37.h6+ Kxh6 38.Rxf6+ Kg5 39.Rb6 R8e7 40.Rxb5 
R1e5 41.Rb6 Ra5 42.a4 Ra6 43.Rb4 Rc6 44.Kg1 Rc2 45.Kh2 Rc6 46.Kg1 h5 47.f6
Kxf6 48.Nxh5+ Ke5 49.Nf4 Rd7 50.Nh3 Rc1+ 51.Kh2 Rh7 52.Rg4 Rc3 53.b4 Rhc7 
54.a5 R7c4 55.Rg5+ Kf6 56.Rb5 Rg4 57.Nf2 Rh4+ 58.Nh3 Rh7 59.Rb6+ Rc6 60.
Rb5 Rc2 61.Rb6+ Rc6 62.Rb5 Rd6 63.Kg1 Rc7 64.Nf4 Rc4 65.Nd5+ Ke6 66.Ne3 
Rc3 67.Nf5 Rd7 68.Nh4 Rg7 69.Kh2 Rc2 70.Kh3 Rh7 71.Kg3 Rc4 72.Nf3 Rg7+ 73.
Kh3 Rcg4 74.Rxb7 Rg3+ 75.Kh4 R3g4+ 76.Kh3 Rxb7 77.Kxg4 Rxb4+ 78.Kh3 Kf5 
79.Nh4+ Kg5 80.g3 Ra4 81.Nf3+ Kf5 82.Nh4+ Kf6 83.Nf3 Rxa5 84.g4 Ke6 85.Kg3
Ra4 86.Kh4 Kd5 87.Kg3 Ke4 88.Ng5+ Ke3 89.Nh3 Ra1 90.Kg2 Ke4 91.Kg3 Ra3+ 
92.Kh4 Rb3 93.Ng5+ Kf4 94.Nh3+ Kf3 95.Ng5+ Kg2 96.Nf7 Rb7 97.Ne5 Rb5 98.
Nf7 Rb7 99.Ne5 Re7 100.Ng6 Rh7+ 101.Kg5 1/2-1/2

[Event "36th Asia-ch U20"]
[Site "Tagaytay City PHI"]
[Date "2014.12.03"]
[Round "7"]
[White "SAMANTILA, Daryl Unix"]
[Black "GARCIA, Jan Emmanuel"]
[Result "1/2-1/2"]
[WhiteElo "1948"]
[BlackElo "2396"]
[EventDate "2014.11.29"]
[PlyCount "120"]

1.d4 Nf6 2.Nf3 d5 3.a3 g6 4.Bf4 Bg7 5.c3 O-O 6.e3 Nbd7 7.Be2 b6 8.O-O Bb7 
9.Nbd2 c5 10.h3 Ne4 11.Rc1 Re8 12.Ne5 Nd6 13.c4 Nxe5 14.dxe5 Nxc4 15.Nxc4 
dxc4 16.Bxc4 e6 17.Qxd8 Rexd8 18.Rfd1 Bc6 19.b3 b5 20.Be2 Bf8 21.Bg5 Rdc8 
22.Rd3 a5 23.Rdc3 Rcb8 24.Bd3 c4 25.bxc4 b4 26.axb4 axb4 27.Rb3 Ba4 28.
Rbb1 Bc5 29.e4 b3 30.Be3 Bxe3 31.fxe3 b2 32.Rc3 Ra5 33.c5 Bc6 34.Kf2 Ra4 
35.Ke2 Kf8 36.Kd2 Ke7 37.Kc2 Rxe4 38.Be2 Reb4 39.Bf3 Ba4+ 40.Kd2 Rd8+ 41.
Rd3 Rxd3+ 42.Kxd3 Bb5+ 43.Kd2 Rc4 44.c6 Bxc6 45.Rxb2 Bxf3 46.gxf3 Rh4 47.
Rb7+ Kf8 48.Ke2 Rxh3 49.Kf2 Rh2+ 50.Kg3 Re2 51.Kf4 Kg7 52.e4 Rg2 53.Rb1 h5
54.Rh1 Kh6 55.Rh3 g5+ 56.Ke3 h4 57.Rh1 h3 58.Rxh3+ Kg6 59.Rh1 Ra2 60.Rg1 
Rb2 1/2-1/2

[Event "36th Asia-ch U20"]
[Site "Tagaytay City PHI"]
[Date "2014.12.03"]
[Round "7"]
[White "RILLORAZA, Istraelito"]
[Black "AHMAD, Alzarovni"]
[Result "1-0"]
[WhiteElo "1736"]
[BlackElo "1721"]
[EventDate "2014.11.29"]
[PlyCount "59"]

1.c4 c5 2.Nc3 Nc6 3.g3 g6 4.Bg2 Bg7 5.a3 a5 6.d3 e5 7.Nf3 h6 8.O-O Nge7 9.
Rb1 O-O 10.Bd2 Rb8 11.Ne1 d6 12.Nc2 Be6 13.b4 axb4 14.axb4 cxb4 15.Nxb4 
Nxb4 16.Rxb4 d5 17.cxd5 Nxd5 18.Rb5 Nxc3 19.Bxc3 Qc7 20.Qa1 f6 21.Rfb1 b6 
22.Qb2 Rfc8 23.Ba5 Qc2 24.h3 e4 25.dxe4 Qxb2 26.R5xb2 f5 27.Rxb6 Rxb6 28.
Rxb6 Rc1+ 29.Kh2 Bc4 30.exf5 1-0

[Event "36th Asia-ch U20"]
[Site "Tagaytay City PHI"]
[Date "2014.12.03"]
[Round "8"]
[White "NARAYANAN, Srinath"]
[Black "IKRAMUL, Haque Siam"]
[Result "1-0"]
[WhiteElo "2461"]
[BlackElo "2090"]
[EventDate "2014.11.29"]
[PlyCount "71"]

1.e4 e6 2.d4 d5 3.Nd2 Nf6 4.e5 Nfd7 5.c3 c5 6.Bd3 Nc6 7.Ngf3 g6 8.h4 h6 9.
Bc2 b6 10.Bd3 a5 11.O-O Ba6 12.Bxa6 Rxa6 13.c4 dxc4 14.Nxc4 b5 15.Ne3 Nxd4
16.Nxd4 cxd4 17.Qxd4 Bg7 18.f4 O-O 19.Rd1 Qxh4 20.Qxd7 Qxf4 21.Qxb5 Raa8 
22.Qc4 Bxe5 23.Qxf4 Bxf4 24.Nc4 Bxc1 25.Raxc1 Ra7 26.Ne5 Rb7 27.b3 Rb5 28.
Nd7 Ra8 29.Rc7 a4 30.bxa4 Rf5 31.Nb6 Ra6 32.Nc8 Kg7 33.Rdd7 Rxa4 34.Nd6 
Rff4 35.Nxf7 Rxa2 36.Nd8+ 1-0

[Event "36th Asia-ch U20"]
[Site "Tagaytay City PHI"]
[Date "2014.12.03"]
[Round "8"]
[White "BERSAMINA, Paulo"]
[Black "JACUTINA, John Merill"]
[Result "1-0"]
[WhiteElo "2391"]
[BlackElo "1947"]
[EventDate "2014.11.29"]
[PlyCount "65"]

1.d4 d5 2.c4 c6 3.Nf3 Nf6 4.Nc3 dxc4 5.a4 Bf5 6.e3 e6 7.Bxc4 Bb4 8.O-O 
Nbd7 9.Bd3 Bg6 10.Bxg6 hxg6 11.Qe2 Qe7 12.e4 e5 13.dxe5 Nxe5 14.Bf4 Bxc3 
15.bxc3 Nxf3+ 16.Qxf3 O-O 17.Rfe1 Rad8 18.h4 Qe6 19.Bg5 Rd7 20.e5 Nh7 21.
Be3 Qxe5 22.Bxa7 Qa5 23.Bd4 c5 24.Be5 Qa6 25.h5 Rfd8 26.hxg6 Qxg6 27.Rab1 
Rd3 28.Qxb7 Ng5 29.Bg3 Rxc3 30.a5 Rd2 31.Qc8+ Kh7 32.Rb8 Qf6 33.Qg8+ 1-0

[Event "36th Asia-ch U20"]
[Site "Tagaytay City PHI"]
[Date "2014.12.03"]
[Round "8"]
[White "SAMANTILA, Daryl Unix"]
[Black "BILGUUN, Sumiya"]
[Result "1/2-1/2"]
[WhiteElo "1948"]
[BlackElo "2249"]
[EventDate "2014.11.29"]
[PlyCount "67"]

1.d4 d5 2.Nf3 c6 3.c3 Nf6 4.Bf4 Nbd7 5.e3 g6 6.Bd3 Bg7 7.O-O O-O 8.h3 Re8 
9.Nbd2 Nh5 10.Bh2 e5 11.Nxe5 Nxe5 12.Bxe5 Bxe5 13.dxe5 Rxe5 14.Qf3 Qg5 15.
Rad1 Be6 16.Nb3 Re8 17.Nd4 Bd7 18.Ne2 R5e6 19.g3 R6e7 20.h4 Qh6 21.Nf4 
Nxf4 22.Qxf4 Qh5 23.Rd2 Bg4 24.Kg2 Kg7 25.Re1 h6 26.f3 Bc8 27.Rde2 c5 28.
Rh1 f6 29.Qd6 b6 30.Bb5 Re6 31.Qc7+ R6e7 32.Qd6 Re6 33.Qc7+ R6e7 34.Qd6 
1/2-1/2

[Event "36th Asia-ch U20"]
[Site "Tagaytay City PHI"]
[Date "2014.12.03"]
[Round "8"]
[White "AHMAD, Alzarovni"]
[Black "NAZARIO, Marc Christian"]
[Result "0-1"]
[WhiteElo "1721"]
[BlackElo "2058"]
[EventDate "2014.11.29"]
[PlyCount "66"]

1.d4 Nf6 2.c4 d6 3.Nc3 Bf5 4.g3 e5 5.Nf3 Nc6 6.Bg2 g6 7.dxe5 dxe5 8.Qxd8+ 
Rxd8 9.Bg5 Bg7 10.Nd5 Nxd5 11.Bxd8 Ndb4 12.O-O Nxd8 13.a3 Nc2 14.Rad1 Nd4 
15.Nxd4 exd4 16.Rfe1 O-O 17.Rd2 Ne6 18.e4 dxe3 19.fxe3 Nc5 20.e4 Be6 21.
Bf1 Nb3 22.Rdd1 f5 23.exf5 Bxf5 24.Bg2 Bf6 25.Kh1 c6 26.Re3 Nd4 27.Be4 Bg4
28.Rf1 Kg7 29.Rf4 h5 30.Rf1 Re8 31.Rfe1 Bg5 32.Rd3 Bf3+ 33.Rxf3 Nxf3 0-1

[Event "36th Asia-ch U20"]
[Site "Tagaytay City PHI"]
[Date "2014.12.03"]
[Round "8"]
[White "THING, Bibek"]
[Black "MAYED, Al-Rashedi"]
[Result "1-0"]
[WhiteElo "1970"]
[BlackElo "1908"]
[EventDate "2014.11.29"]
[PlyCount "83"]

1.e4 e5 2.Nf3 Nc6 3.Bb5 Nge7 4.c3 a6 5.Ba4 g6 6.d4 exd4 7.cxd4 b5 8.Bb3 
Bg7 9.Nc3 O-O 10.O-O Na5 11.Bg5 h6 12.Be3 d6 13.h3 Nxb3 14.Qxb3 Kh7 15.
Rac1 f5 16.e5 f4 17.Bd2 Bb7 18.exd6 Qxd6 19.Ne2 Bd5 20.Qb4 Qd7 21.Bxf4 Nc6
22.Qc3 Bc4 23.Rfe1 Rae8 24.Ne5 Nxe5 25.Bxe5 Bxe5 26.dxe5 Qf5 27.f4 Bxe2 
28.Rxe2 Qxf4 29.Qxc7+ Rf7 30.Qc5 Re6 31.Rce1 g5 32.Qd5 Qf5 33.Re3 Qf2+ 34.
Kh1 Rfe7 35.R1e2 Qf5 36.Rf3 Qg6 37.Kh2 Kg7 38.Qd4 Kh7 39.a3 h5 40.Re4 Kg8 
41.Rg3 Kh7 42.Qe3 1-0